UBT Library

The logic of priorities : (Record no. 41853)

000 -LEADER
fixed length control field 00636cam a2200217 a 4500
001 - CONTROL NUMBER
control field 1843900
005 - DATE AND TIME OF LATEST TRANSACTION
control field 20180206034312.0
008 - FIXED-LENGTH DATA ELEMENTS--GENERAL INFORMATION
fixed length control field 810420s1982 maua b 001 0 eng
010 ## - LIBRARY OF CONGRESS CONTROL NUMBER
LC control number 81038349
020 ## - INTERNATIONAL STANDARD BOOK NUMBER
International Standard Book Number 0898380715
040 ## - CATALOGING SOURCE
Original cataloging agency DLC
Transcribing agency DLC
Modifying agency DLC
041 ## - LANGUAGE CODE
Language code of text/sound track or separate title eng
080 ## - UNIVERSAL DECIMAL CLASSIFICATION NUMBER
Universal Decimal Classification number 658.403 THO
082 00 - DEWEY DECIMAL CLASSIFICATION NUMBER
Classification number 658.403 THO
Edition number 19
100 1# - Rafti
Rafti 59
101 ## - Shkurtesa
Shkurtesa BUS
245 14 - TITLE STATEMENT
Title The logic of priorities :
Statement of responsibility, etc Thomas L. Saaty, Luis G. Vargas.
504 ## - BIBLIOGRAPHY, ETC. NOTE
Bibliography, etc Includes bibliographies and index.
906 ## - LOCAL DATA ELEMENT F, LDF (RLIN)
a 7
b cbc
c orignew
d 1
e ocip
f 19
g y-gencatlg
942 ## - ADDED ENTRY ELEMENTS (KOHA)
Source of classification or shelving scheme
Item type Books
Holdings
Withdrawn status Lost status Source of classification or shelving scheme Damaged status Not for loan Collection code Permanent location Current location Shelving location Date acquired Total Checkouts Full call number Barcode Date last seen Price effective from Koha item type
          Koleksioni i përgjithshem UBT - Lipjan UBT - Lipjan Koleksioni i përgjithshem 02/06/2018   658.403 THO 002-2999284 02/06/2018 02/06/2018 Books
UBT Library © 2015-2024. All rights reserved University Education for Business and Technology